Countries with the Most Korean Speakers - Statistics

General Stats
  • This quiz has been taken 173 times
  • The average score is 8 of 10
Answer Stats
Place Status Speakers Answer % Correct
1. National 51 729 000 South Korea
100%
3. 2 000 000 China
99%
2. National 25 753 000 North Korea
99%
4. 1 100 000 U.S.A.
99%
5. 629 000 Japan
97%
7. 153 425 Canada
91%
8. 108 994 Australia
86%
6. 172 684 Vietnam
69%
9. 88 102 Philippines
64%
10. 46 090 Uzbekistan
27%
No matching quizzes found
Score Distribution
Percent of People with Each Score
Percentile by Number Answered
Your Score History
You have not taken this quiz